Polscy Piłkarze z Występami w Finałach Ligi Mistrzów UEFA - Statystyki

Ogólne statystyki
  • Ten quiz został rozwiązany 5 585 razy
  • Średni wynik to 5 z 7
Statystyki odpowiedzi
Sezon Status Wynik spotkania Zawodnik % Poprawnych
2012 / 2013 Wyjściowa jedenastka Porażka Robert Lewandowski
99%
2012 / 2013 Wyjściowa jedenastka Porażka Jakub Błaszczykowski
87%
2004 / 2005 Wyjściowa jedenastka Zwycięstwo Jerzy Dudek
87%
2012 / 2013 Wyjściowa jedenastka Porażka Łukasz Piszczek
87%
1982 / 1983 Wyjściowa jedenastka Porażka Zbigniew Boniek
83%
2007 / 2008 Rezerwowy Zwycięstwo Tomasz Kuszczak
50%
1986 / 1987 Wyjściowa jedenastka Zwycięstwo Józef Młynarczyk
36%
Nie znaleziono quizów pasujących do podanych kryteriów
Rozkład punktacji
Procent ludzi z każdym wynikiem
Percentyl według liczby udzielonych odpowiedzi
Twoja historia wyników
Nie rozwiązałeś tego quizu